000 01034nam a22003257a 4500
001 BR0602174
003 BR-BrBNA
005 20230928102135.0
007 ta
008 230509b bl.||||| |||| 00| 0 por d
040 _aBR-BrBNA
_bpor
_cBiblioteca Nacional de Agricultura
041 _a(Por)
072 _aL73; L70
_b6510
_b4150
090 _ 6510 BR0602174
100 1 _aOliveira, D.D. de
110 1 _aUniversidade Federal de Minas Gerais, Belo Horiaonte (Brasil). Escola de Veterinária
_0Tese (Mestre em Medicina Veterinária)
245 1 _aELISA indireto para detecção de IgG anti-vírus da doença de Newcastle em soro de codorna
260 3 _aBelo Horizonte, MG (Brasil):
_c2004.
300 _a53 p.
500 _aSummaries (Eng, Por); Bibliography p. 46-50; 23 illus.; 5 tables
650 _aCODORNA
650 _aAVE DOMÉSTICA
650 _aDOENÇA ANIMAL
650 _aNEWCASTLE
650 _aELISA
650 _aANTIVIRUS
650 _aSORO
909 _a202309
_bLucia
_c55
_dLucia Elande
942 _cBK
999 _c69334
_d69334